History Quiz

Random History or Politics Quiz
Score 0/28 Timer 07:00
3 Plays Today
Year/res. # Answer % Correct
1960 (134)South Africa
91.1%
1987 (598)Iraq
89.4%
1979 (457)Iran
88.3%
1998 (1172)Nuclear tests
86%
2006 (1695)North Korea
85.5%
1948 (54)Palestine
85.2%
1990 (660)Kuwait
84.9%
1980 (462)Afghanistan
83.3%
1964 (193)Cyprus
82%
2009 (1897)Piracy and armed robbery
81.8%
2005 (1611)London
81.7%
2001 (1368)September 11 attacks
81%
1992 (781)Ban on military flights
79.7%
1946 (4)Francisco Franco
79.3%
Year/res. # Answer % Correct
1950 (82)Korean Peninsula
78.3%
1994 (935)Rwanda
74.8%
2011 (1973)Libya
72.2%
1999 (1267)Al-Qaeda
70%
1982 (502)Falklands War
67.8%
1998 (1199)Kosovo
63.7%
2000 (1306)Rough diamonds
62.1%
2004 (1564)Darfur
57.6%
1967 (234)Six-Day War
55.5%
1998 (1189)American embassies
52.9%
2006 (1715)Ban Ki-Moon
48.2%
1992 (731)Pan Am
47.6%
2011 (1999)South Sudan
41.1%
1960 (157)Rafael Trujillo
14.6%

You're not logged in!

Compare scores with friends on all Sporcle quizzes.
OR
Log In

Sporcle TV

Today on Sporcle TV


Watch our educational content, quiz creation guides, and fun videos on Sporcle TV.

Show Comments

Extras

Top Quizzes Today


Score Distribution

Your Account Isn't Verified!

In order to create a playlist on Sporcle, you need to verify the email address you used during registration. Go to your Sporcle Settings to finish the process.

Report this User

Report this user for behavior that violates our Community Guidelines.

Details: